Normal view
MARC view
Entry Personal Name
001 - CONTROL NUMBER
- control field: 61216
003 - CONTROL NUMBER IDENTIFIER
- control field: dpl
005 - DATE AND TIME OF LATEST TRANSACTION
- control field: 20240124105710.0
008 - FIXED-LENGTH DATA ELEMENTS
- fixed length control field: 240124|| aca||aabn | a|a d
040 ## - CATALOGING SOURCE
- Original cataloging agency: dpl
- Transcribing agency: dpl
100 ## - HEADING--PERSONAL NAME
- Personal name: Prasanna,P.V
670 ## - SOURCE DATA FOUND
- Source citation: Work cat.: (dpl)200342: Prasanna,P.V., Trees of Hyderabad a pictorial guide /
